000 00518 a2200169 4500
999 _c407
_d407
008 220929b ||||| |||| 00| 0 eng d
020 _a9789332548985
082 0 0 _a658.5
_bH4738
100 _aHeizer, Jay
245 _aOperations management: Sustainability and Supply Chain Management /
_cby Jay Heizer and Barry Render
250 _a11th ed.
260 _aNoida:
_bPearson Education,
_c2015.
300 _axxviii, 658 p.+I16 p.
650 0 _aProduction management
700 _95262
_aRender, Barry
942 _2ddc
_cBK